000 00610nam a2200205Ia 4500
005 20250923145138.0
008 008 250917s9999 xx 000 0 eng d
037 _aTextual
040 _aDSWL
_beng
_cDSWL
041 _aeng
_2eng
084 _aY744'L, N69
_qDSWL
100 _aRaghuvanshi, V.P.S.
_9832218
245 0 _aIndian Society in the Eighteenth Century
_cby V.P.S. Raghuvanshi
260 _aNew Delhi
_b Associated Publiing House`
_c1969
300 _a117p.
365 _aINR
_b45.00
925 _g45.00
942 _cTEXL
_hY744'L, N69
999 _c1447712
_d1447712